Das "Wagnis" der Freiheit im säkularen Staat (Record no. 904343)

000 -CABECERA
Campo de control de longitud fija 00453nab a22001457 4500
003 - IDENTIFICADOR DEL NÚMERO DE CONTROL
Campo de control ES-SlBCS
005 - FECHA Y HORA DE LA ÚLTIMA TRANSACCIÓN
Campo de control 20260414155737.0
008 - CÓDIGOS DE INFORMACIÓN DE LONGITUD FIJA
Campo de control de longitud fija 250611s2026 gw ||||| |||| 00| 0 ger d
040 ## - FUENTE DE LA CATALOGACIÓN
Centro catalogador del origen ES-SlBCS
Lengua de catalogación spa
041 ## - CÓDIGO DE LENGUA
Código de lengua del texto/banda sonora o título independiente ger
100 1# - PUNTO DE ACCESO PRINCIPAL-NOMBRE DE PERSONA
Nombre de persona Scherbaum, Matthias
9 (RLIN) 420504
245 10 - MENCIÓN DE TÍTULO
Título Das "Wagnis" der Freiheit im säkularen Staat
Mención de responsabilidad, etc. Matthias Scherbaum
773 0# - ENLACE AL DOCUMENTO FUENTE
Parte(s) relacionada(s) Vol. 80, fasc. 2, 2026. págs. 138-148
Título Die neue Ordnung
Número de control del registro relacionado Rev294
Número Internacional Normalizado para Publicaciones Seriadas (ISSN) 0932-7665
942 ## - ENTRADA DE ELEMENTOS AGREGADOS (KOHA)
Fuente de clasificaión o esquema
Koha [por defecto] tipo de item Artículos de revista
Holdings
Suprimido Perdido Fuente de clasificación o esquema Estropeado No para préstamo Localización permanente Localización actual Fecha adquisición Préstamos totales Fecha última consulta Fecha del precio de reemplazo Tipo de item de Koha
          San Esteban San Esteban 14/04/2026   14/04/2026 14/04/2026 Artículos de revista

Bibliotecas Dominicos Provincia Hispania, 2016

Con tecnología Koha